Corporate/Strategic Planning / (Record no. 74774)

MARC details
000 -LEADER
fixed length control field 00759nam a22002297a 4500
005 - DATE AND TIME OF LATEST TRANSACTION
control field 20140613130503.0
010 ## - LCCN (DPL NO)
LC control number ENG-106898
020 ## - INTERNATIONAL STANDARD BOOK NUMBER
International Standard Book Number 9789350590409
Terms of availability 195.00
020 ## - INTERNATIONAL STANDARD BOOK NUMBER
International Standard Book Number 9350590409
Terms of availability 195.00
035 ## - SYSTEM CONTROL NUMBER
System control number EN-90431
037 ## - SOURCE OF ACQUISITION
Source of stock number/acquisition DBAD/PUB
082 ## - DEWEY DECIMAL CLASSIFICATION NUMBER
Classification number 658.4012
100 ## - MAIN ENTRY--PERSONAL NAME
Personal name Kaushal, H.
245 ## - TITLE STATEMENT
Title Corporate/Strategic Planning /
Statement of responsibility, etc by H. Kaushal
250 ## - EDITION STATEMENT
Edition statement 2nd ed
260 ## - PUBLICATION, DISTRIBUTION, ETC. (IMPRINT)
Place of publication, distribution, etc Gurgaon
Name of publisher, distributor, etc Macmillan Publishers
Date of publication, distribution, etc 2012
270 ## - ADDRESS
Address 3A, 5th Floor, DLF Corporate Park
City Gurgaon
Postal code 122002
300 ## - PHYSICAL DESCRIPTION
Extent xxv,292p. :
Dimensions 22cm(pbk)
Other physical details ill.
490 ## - SERIES STATEMENT
Series statement Case study solutions
942 ## - ADDED ENTRY ELEMENTS (KOHA)
Source of classification or shelving scheme Dewey Decimal Classification
Item type English Books
Classification part 658.4012
Call number suffix KAU
Holdings
Withdrawn status Lost status Not for loan Collection code Home library Current library Date acquired Source of acquisition Cost, normal purchase price Full call number Barcode Copy number Cost, replacement price Koha item type
      Non-fiction Central Library Central Library 13/06/2014 Prakashan Sansthan/306/21.10.2013/36/10.10.2013/29.10.2013 195.00 658.4012 KAU B-527749 1 195.00 English Books
    Not For Loan Non-fiction D.B.Act.Division D.B.Act.Division 22/04/2013 DBAD/PUB 195.00 658.4012 KAU EN-90431 1 195.00 English Books

© Delhi Public Library
Hit Counter
free hit counter